01173cam a22002531 4500001001300000003000400013005001700017008004100034010001700075035002000092040005200112042001200164050002300176100003500199245019300234260009200427300003100519490010400550500008700654504003100741650004500772810008500817999001700902gs 27000340 DLC20260227111332.0911112s1927 ag a b 000 0 spa c ags 27000340  a(OCoLC)24767208 aLibrary, U. S. Geological SurveycTxUdTxUdDLC apremarc00aQE231b.A35 no. 331 aWichmann, Richard,d1881-1930.10aResultados de un viaje de estudios geológicos en los territorios del Río Negro y del Chubut,befectuado durante los meses de enero hasta junio del año 1923,cpor Ricardo Wichmann ... aBuenos Aires,bTalleres gráficos del Ministerio de agricultura de la nación,c1927. a59 p. incl. illus.c27 cm.1 a[Argentine Republic] Dirección general de minas, geología e hidrología. Publicaciónvno. 33 aAt head of title: República Argentina. Ministerio de agricultura de la nación. a"Bibliografía": p.32-33. 0aGeologyzPatagonia (Argentina and Chile)1 aArgentina.bDirección General de Minas y Geología.tPublicación ;vno. 33. c26592d26592